000 00907nam a2200217Ii 4500
003 JO-AjNU
008 230605s9999||||xx |||||||||||||| ||und||
017 _a1997/10/1206
040 _aJO-AjNU
_bara
_erda
_cJO-AjNU
041 _aara
050 1 4 _aPJ6073 1997
100 3 _aتاليف حلاوة، محمد,
_eauthor
_935691
245 0 0 _aالمرشد الجديد في اللغة العربية: المطالعة والنصوص القواعد والتطبيقات اللغوية التعبير والتلخيص:للصف التاسع، الفصل الثاني
250 _aطبعة مزيدة ومنقحة
264 3 1 _aعمان: المؤلف ، 1997
300 _a372ص
336 _atext
_btxt
_2rdacontent
337 _aunmediated
_bn
_2rdamedia
338 _avolume
_bnc
_2rdacarrier
650 4 _aالعلوم الاجتماعية-اللغة العربية-التعليم الاساسي
_935692
999 _aA14759
_c18327
_d18327